Probability and statistics for computer science

Zapisane w:
Opis bibliograficzny
1. autor:  Johnson, James L
Format: Sách
Język:Undetermined
Wydane:  John Wiley & Sons  2003
Hasła przedmiotowe:
Etykiety: Dodaj etykietę
Nie ma etykietki, Dołącz pierwszą etykiete!
Thư viện lưu trữ: Trung tâm Thư viện - Trường Đại học Công nghiệp TP. Hồ Chí Minh
LEADER 00486nam a2200157Ia 4500
001 UIH_04436
008 231011s9999 xx 000 0 und d
082 |a  004.01 
100 |a  Johnson, James L 
245 0 |a  Probability and statistics for computer science 
245 0 |c  Johnson, James L 
260 |b  John Wiley & Sons 
260 |c  2003 
650 |a  Tin học;  
927 |a Sách 
980 |a Trung tâm Thư viện - Trường Đại học Công nghiệp TP. Hồ Chí Minh